Регионална библиотека "Любен Каравелов" - Русе

Трагедията на Боров (Запис номер 342825)

MARC детайли
000 -Лидер
Контролно поле с фиксирана дължина nam a22 a 4500
003 - Код на организацията, давaща контролен номер
Контролно поле BLK
005 - Дата и час на последна редакция
Контролно поле 20210702083341.0
008 - Елементи от данни с фиксирана дължина
fixed length control field 180911b bul|||||r ||||||| ||bul||
010 ## - Наследен системен номер
LC control number 002485
040 ## - Източник на каталожния запис
Идентификатор на билиотеката - собственик на записа BLK
041 ## - Код за език
Код за езика на текст/звукозапис или на отделно заглавие Български
Код за езика КДБФ Български
080 ## - УДК
УДК - код + определител 886.7-2
100 1# - Редна дума - Автор
Автор СЯРОВ, Димо
Авторска отговорност първи автор
R(LIN) 398105
139 ## - Редно поле
Редна дума СЯРОВ, Димо
245 00 - Сведения за заглавието
Заглавие Трагедията на Боров
Подзаглавни данни Три действия
260 ## - Област на издателските данни
Място на издаване, разпространение и проч. София
Име на издателя, разпространителя и проч. Хемус
Година на издаване 1932
Печатница Едисон
300 ## - Физическа характеристика
Страници 93 с.
Размери/Мащаб 19 см
380 ## - Жанр
Жанр Худож. лит.
490 ## - СЕРИИ (Колекции)
Име на серия Частна колекция - Академик Михаил Арнаудов
Бележки за серията Дарение - Основен фонд
650 ## - Допълнително описание по предмет – тема
Основно описание – тема или топоним Драма
9 (RLIN) 153705
653 ## - Ключова дума – ненормативна
Ключова дума драма
653 ## - Ключова дума – ненормативна
Ключова дума трагедии
655 ## - Ключова дума – жанр/разновидност
Данни за жанр/разновидност или ключова дума за фокус българска литература
700 1# - Други автори (авторска отговорност)
Лично име Димо Сяров
9 (RLIN) 459337
852 ## - Местоположение
Форматна сигнатура МА 1994
852 ## - Местоположение
Форматна сигнатура Цб 8.180.4179
Фондова буква Хранилище
999 ## - СИСТЕМНИ КОНТРОЛНИ НОМЕРА
Koha biblionumber 342825
Koha biblioitemnumber 342825
942 ## - АРТИКУЛИ
Вид на библиотечния материал Книги
Скрит в OPAC Не
Периодичен библиозапис Да
944 ## - СЪЗДАВАНЕ И РЕДАКЦИЯ на ЗАПИСА
Създаване/Редакция Създаване
Дата на регистрацията/редакция 1997
Служител, извършил регистрацията/редакцията ValK
999 ## - СИСТЕМНИ КОНТРОЛНИ НОМЕРА
Koha biblioitemnumber 342825
Наличности
Код за отписване Код за изгубен артикул Източник на класификационната схема Код за повреда Коз за рестрикции Код за отдаване Артикулен № Име на библиотеката - собственик Име на библиотеката, в която се намира в момента Статус (Текущо местоположение) Местоположение - отдел Цена в лева Номерация (Хронология) Инвентарен номер Систематично азбучна сигнатура Баркод Номер на екземпляра Цена в евро Служебен тип на артикула Дата на вписване в системата
  Не е изгубен Universal Decimal Classification Не е повреден без рестрикции Специални фондове ( старопечатни, редки и ценни, фонд М. Арнаудов) 742965 Регионална библиотека "Любен Каравелов" Русе Регионална библиотека "Любен Каравелов" Русе Фонд "Михаил Арнаудов" Фонд "Михаил Арнаудов" 30.00   590799 МА 1994 120000590799 1 15.34 Книги  
  Не е изгубен Universal Decimal Classification Не е повреден само за читалня ползва се в читалня 842895 Регионална библиотека "Любен Каравелов" Русе Регионална библиотека "Любен Каравелов" Русе Хранилище Основен фонд - ползва се само за читалня 0.07   4179 Цб 8.180.4179 900000068537   0.04 Книги 2021-07-13
Vip Innovations Ltd, Rousse, Bulgaria 2025